00455nam a2200181Ia 4500003000400000005001700004008004100021020001800062040000700080041000800087082001800095100001500113245005700128260004400185300001200229365001300241650001900254OSt20230524113417.0210423s2009 xx 000 0 und d a81-85753-78-4 cAL aeng a821.0954 NAII aNAIK (M K) aIndian English poetry: from the beginnings upto 2000 aNew DelhibPencraft internationalc2009 a180bHB b400cINR aEnglish Poetry